000 01226cam a2200253 4500
001 WB4016-03
008 040428n2004 000 0 eng u
035 _a(Sirsi) u126052
245 _aFirst prefabricated system build standard announced
260 _c2004
490 _aBRE Certification Press Release
_v26 April 2004 (1)
520 _aBRE Certification has announced the first comprehensive certification standard applicable to prefabricated system build. "System build standard LPS 1272" will provide manufacturers of prefabricated building systems and sub-systems for housing with a recognised benchmark against which they can test and certify their products. The new standard applies to light steel frame systems, timber frame systems, structural insulated panel systems and pre-cast concrete frame systems. http://www.brecertification.co.uk/pdf/BRECert_Syst emBuildStd_.pdf
590 _aWB
590 _aWB
650 _aPREFABRICATED HOUSING
650 _aBENCHMARKING
650 _aCERTIFICATION
650 _aSTEEL FRAMES
650 _aTIMBER FRAMES
650 _aSIP
650 _aPRECAST CONCRETE FRAMED BUILDINGS
690 _aBUILDING AND CONSTRUCTION-REGULATION AND CONTROL
942 _n0
999 _c117268
_d117268